Normal view
MARC view
- Paula, Henry A.
Entry Personal Name
001 - CONTROL NUMBER
- control field: 45505
003 - CONTROL NUMBER IDENTIFIER
- control field: OSt
005 - DATE AND TIME OF LATEST TRANSACTION
- control field: 20220608092523.0
008 - FIXED-LENGTH DATA ELEMENTS
- fixed length control field: 220608|| aca||aabn | a|a d
040 ## - CATALOGING SOURCE
- Original cataloging agency: OSt
- Transcribing agency: OSt
100 ## - HEADING--PERSONAL NAME
- Personal name: Paula, Henry A.
670 ## - SOURCE DATA FOUND
- Source citation: Work cat.: (OSt): Paula, Henry A., Planning for affluent taxpayers under the 2010 healthcare reform/, 2011.
